000 00338nam a22001457a 4500
008 210521b ||||| |||| 00| 0 eng d
020 _a0070057400
041 _aeng
080 _a721
082 _a721
100 _a44
101 _aNDE
245 _aSignage Graphic Communications in the Built World
_cLendon,Ch.B
942 _2udc
_cBK
999 _c57597
_d57597